| 000 | 00716nam a2200217Ia 4500 | ||
|---|---|---|---|
| 999 |
_c37870 _d37870 |
||
| 003 | GCL | ||
| 005 | 20240530103240.0 | ||
| 008 | 140319s9999 xx 000 0 ara d | ||
| 040 |
_aGCL / _cGCL |
||
| 082 | 0 | 4 |
_a791.437 _bا ص |
| 100 | 1 | _aاحمد يوسف | |
| 245 | 1 | 0 |
_aصلاح ابوسيف والنقاد : _bاربعون فيلما تؤرخ للسينما المصرية / _cاحمد يوسف |
| 300 | _a619 ص | ||
| 650 | 0 | 4 | _aالنقد |
| 650 | 0 | 4 | _aالافلام السينمائية |
| 650 | 0 | 4 | _aالسينما |
| 650 | 0 | 4 | _aالاخراج السينمائى |
| 650 | 0 | 4 | _aمصر - الاحوال الاقتصادية |
| 650 | 0 | 4 | _aمصر - الاحوال الاجتماعية |
| 942 |
_2ddc _cBK |
||